| 000 | 00555nam a22001817a 4500 | ||
|---|---|---|---|
| 020 | _a9780363231800 | ||
| 041 | _aeng | ||
| 080 | _a92.1 | ||
| 090 | _bFAR | ||
| 100 | _aFarr, Sidney Saylor. | ||
| 245 | _aAppalachian Heritage: A Magazine of Southern Appalachian Life and Culture | ||
| 250 | _a3 | ||
| 260 |
_aBerea _bBerea College _c1995 |
||
| 300 | _a80 | ||
| 440 | _v23 | ||
| 520 |
_aA magazine of Southern Appalachian life and culture. This book contains articles, essays, fiction, and poetry. _0Articles, Essays, Fiction, Poetry |
||
| 999 |
_c282251 _d282251 |
||
| 942 | _cBK | ||